000 00820cab a2200241 4500
001 ABS55297
008 090401t1996 xxu||||| |||| 00| 0 eng d
035 _a(Sirsi) u15550
041 _aeng
100 _aDallman, David
245 _aHow the CDM regulations apply to maintenance contracts
260 _c1996
350 _a0
490 _aCSM (Chartered Surveyor Monthly)
_v5(9) June 1996, 34(1)
520 _aDiscusses which aspects of the CDM regulations need to be considered when setting up a maintenance contract.
650 _aBUILT ENVIRONMENT-BUILDING MAINTENANCE AND REFURBISHMENT
650 _aCONSTRUCTION (DESIGN AND MANAGEMENT) REGULATIONS 1994
650 _aCONDAM
650 _aMAINTENANCE CONTRACTS
690 _aBUILT ENVIRONMENT-BUILDING STANDARDS
942 _n0
948 _c04/03/1997
999 _c10210
_d10210